| 000 | 00464nam a2200145 4500 | ||
|---|---|---|---|
| 001 | 125705 | ||
| 003 | ES-MaACL | ||
| 007 | t| | ||
| 008 | 070214s1948 ag r ||||1| spa d | ||
| 100 | 1 |
_aReggi, José Pedro. _995882 |
|
| 245 | 1 | 0 |
_aInmovilización, vendajes, tracción continua, enyesados / _cDr. José Pedro Reggi. |
| 260 |
_aBuenos Aires : _bLópez & Etchegoyen, S. R. L., _c1948. |
||
| 300 |
_a326 p. : _bil. ; _c27 cm. |
||
| 852 |
_aES-MaACL _jE-315 _bR.27165 |
||
| 999 |
_c125705 _d125705 |
||